| 000 | 00439nam a2200157Ia 4500 | ||
|---|---|---|---|
| 005 | 20250519011221.0 | ||
| 008 | 240331s9999 xx 000 0 und d | ||
| 020 | _a9559569805 | ||
| 082 |
_bGAL _a294 |
||
| 100 | _aGalmangoda,S | ||
| 245 | 0 |
_aAdi baudha darshanaya : _bmuula dharma vigrahaya |
|
| 260 |
_aKadawatha _bAbaya Printers & Publishers _c1994 |
||
| 300 | _a239 p ., | ||
| 500 | _aA book of Ancient Buddhist Philosophy | ||
| 942 | _cL | ||
| 999 |
_c5190 _d5190 |
||